[Event "BCF-chT2a 1314 (4NCL)"]
[Site "England"]
[Date "2014.02.15"]
[Round "5.43"]
[White "Beckett, Christopher J"]
[Black "Pleasants, Allan J"]
[Result "1/2-1/2"]
[WhiteElo "2123"]
[BlackElo "2054"]
[PlyCount "100"]
[EventDate "2013.11.16"]
[EventType "team-swiss"]
[EventRounds "11"]
[EventCountry "ENG"]
[SourceTitle "EXT 2015"]
[Source "ChessBase"]
[SourceDate "2014.11.20"]
[SourceVersion "1"]
[SourceVersionDate "2014.11.20"]
[SourceQuality "1"]
[WhiteTeam "Cambridge II"]
[BlackTeam "Wessex"]
[WhiteTeamCountry "ENG"]
[BlackTeamCountry "ENG"]

1. d4 Nf6 2. c4 c5 3. d5 b5 4. Nd2 d6 5. e4 Nbd7 6. Ngf3 g6 7. cxb5 Bg7 8. a4 a6 9. Ra3 0-0 10. Bd3 Ng4 11. 0-0 Nge5 12. Nxe5 Nxe5 13. Be2 f5 14. exf5 gxf5 15. bxa6 Bxa6 16. Bxa6 Rxa6 17. Qh5 Qe8 18. Qh4 Bf6 19. Qf4 Qd7 20. Nf3 Nxf3+ 21. Qxf3 Rxa4 22. Rxa4 Qxa4 23. Qxf5 Qd4 24. Bh6 Rb8 25. Rb1 Qe5 26. Qxe5 Bxe5 27. Kf1 Kf7 28. Ke2 Kg6 29. Bc1 Kf5 30. Kd3 Rb3+ 31. Kc2 Rb8 32. Kd3 Rb4 33. Be3 c4+ 34. Kc2 Ke4 35. Bg5 Rb7 36. f4 Bd4 37. b3 cxb3+ 38. Rxb3 Rc7+ 39. Kd2 Ra7 40. g3 Ra2+ 41. Kc1 Kxd5 42. Bxe7 Kc4 43. Rf3 d5 44. f5 Bc3 45. f6 d4 46. f7 d3 47. Rf4+ Kd5 48. Rf5+ Ke6 49. Rf6+ Kd5 50. Rd6+ Ke4 1/2-1/2

[Event "BCF-chT2a 1314 (4NCL)"]
[Site "England"]
[Date "2014.01.11"]
[Round "3.24"]
[White "Beckett, Christopher J"]
[Black "Dilleigh, Stephen P"]
[Result "1/2-1/2"]
[WhiteElo "2122"]
[BlackElo "2146"]
[PlyCount "55"]
[EventDate "2013.11.16"]
[EventType "team-swiss"]
[EventRounds "11"]
[EventCountry "ENG"]
[SourceTitle "EXT 2015"]
[Source "ChessBase"]
[SourceDate "2014.11.20"]
[SourceVersion "1"]
[SourceVersionDate "2014.11.20"]
[SourceQuality "1"]
[WhiteTeam "Cambridge II"]
[BlackTeam "Bristol"]
[WhiteTeamCountry "ENG"]
[BlackTeamCountry "ENG"]

1. d4 d5 2. Nc3 Nf6 3. e4 e6 4. e5 Nfd7 5. Qh5 c5 6. Nf3 g6 7. Qg4 a6 8. Bg5 Qc7 9. 0-0-0 h6 10. Nxd5 exd5 11. e6 f5 12. exd7+ Nxd7 13. Re1+ Kf7 14. Qf4 Qa5 15. Ne5+ Kg8 16. Bc4 hxg5 17. Bxd5+ Kh7 18. Qg3 cxd4 19. h4 Qxd5 20. hxg5+ Kg7 21. Rxh8 Kxh8 22. Qh4+ Kg8 23. Rh1 Bg7 24. Qh7+ Kf8 25. Nxg6+ Kf7 26. Nh8+ Kf8 27. Ng6+ Kf7 28. Nh8+ 1/2-1/2

[Event "BCF-chT3 1213 (4NCL)"]
[Site "England"]
[Date "2013.05.04"]
[Round "9.58"]
[White "Beckett, Christopher J"]
[Black "Walker, Nicholas P"]
[Result "1/2-1/2"]
[WhiteElo "2106"]
[BlackElo "2165"]
[PlyCount "81"]
[EventDate "2012.11.03"]
[EventType "team-swiss"]
[EventRounds "11"]
[EventCountry "ENG"]
[SourceTitle "EXT 2014"]
[Source "ChessBase"]
[SourceDate "2013.11.20"]
[SourceVersion "1"]
[SourceVersionDate "2013.11.20"]
[SourceQuality "1"]
[WhiteTeam "Cambridge II"]
[BlackTeam "Hackney"]
[WhiteTeamCountry "ENG"]
[BlackTeamCountry "ENG"]

1. d4 Nf6 2. c4 c5 3. d5 e6 4. Nc3 exd5 5. cxd5 d6 6. e4 g6 7. f3 Bg7 8. Bg5 a6 9. a4 h6 10. Be3 0-0 11. Qd2 Kh7 12. Be2 Re8 13. g4 Nbd7 14. g5 hxg5 15. Bxg5 Qa5 16. Nh3 b5 17. 0-0 b4 18. Nd1 Nh5 19. Ne3 Bd4 20. Kh1 Ne5 21. Nf4 Nxf4 22. Bxf4 Qd8 23. Nc4 Bh3 24. Rfc1 Nxc4 25. Rxc4 Qh4 26. Rxd4 Qf2 27. Rg1 cxd4 28. Bxd6 Rad8 29. Bg3 Qe3 30. Qxe3 dxe3 31. Bxa6 f5 32. Bb5 fxe4 33. Bxe8 exf3 34. Bxg6+ Kxg6 35. Bh4+ Bg2+ 36. Rxg2+ fxg2+ 37. Kxg2 Rxd5 38. Kf3 Rd2 39. Kxe3 Rxh2 40. Bf2 b3 41. a5 1/2-1/2

[Event "BCF-chT3S 1213 (4NCL)"]
[Site "England"]
[Date "2012.11.04"]
[Round "2.57"]
[White "Beckett, Christopher J"]
[Black "Piper, Stephen J"]
[Result "1-0"]
[WhiteElo "2106"]
[BlackElo "2057"]
[PlyCount "65"]
[EventDate "2012.11.03"]
[EventType "team-swiss"]
[EventRounds "6"]
[EventCountry "ENG"]
[SourceTitle "EXT 2014"]
[Source "ChessBase"]
[SourceDate "2013.11.20"]
[SourceVersion "1"]
[SourceVersionDate "2013.11.20"]
[SourceQuality "1"]
[WhiteTeam "Cambridge II"]
[BlackTeam "The Rookies"]
[WhiteTeamCountry "ENG"]
[BlackTeamCountry "ENG"]

1. d4 Nf6 2. c4 e6 3. Nc3 d5 4. Nf3 c6 5. e3 Nbd7 6. Qc2 Be7 7. b3 0-0 8. Bb2 Re8 9. Be2 Bd6 10. 0-0 b6 11. e4 dxe4 12. Nxe4 Nxe4 13. Qxe4 Bb7 14. Bd3 Nf8 15. Rac1 Qe7 16. c5 Bc7 17. Ne5 Bxe5 18. dxe5 b5 19. a4 a6 20. f4 g6 21. Qf3 Qc7 22. Bd4 b4 23. Bf2 a5 24. Rfd1 Qe7 25. Be4 Rec8 26. Rd6 Qe8 27. Rcd1 Rab8 28. Bh4 h6 29. Qh3 Nh7 30. Rd7 Qf8 31. Bxg6 fxg6 32. Qxe6+ Kh8 33. Qxg6 1-0

[Event "BCF-chT3S 1213 (4NCL)"]
[Site "England"]
[Date "2012.11.03"]
[Round "1.56"]
[White "Beckett, Christopher J"]
[Black "Elwin, Adrian G"]
[Result "1-0"]
[WhiteElo "2106"]
[BlackElo "1974"]
[PlyCount "175"]
[EventDate "2012.11.03"]
[EventType "team-swiss"]
[EventRounds "6"]
[EventCountry "ENG"]
[SourceTitle "EXT 2014"]
[Source "ChessBase"]
[SourceDate "2013.11.20"]
[SourceVersion "1"]
[SourceVersionDate "2013.11.20"]
[SourceQuality "1"]
[WhiteTeam "Cambridge II"]
[BlackTeam "FCA Solutions II"]
[WhiteTeamCountry "ENG"]
[BlackTeamCountry "ENG"]

1. d4 Nf6 2. c4 g6 3. Nc3 Bg7 4. e4 d6 5. f3 0-0 6. Bg5 c6 7. Qd2 a6 8. Nge2 b5 9. Ng3 Nbd7 10. Rc1 Bb7 11. b3 e5 12. d5 cxd5 13. cxd5 Rc8 14. Be2 Qb6 15. Be3 Qa5 16. 0-0 h5 17. Nb1 Qxd2 18. Bxd2 h4 19. Nh1 Nh5 20. g3 hxg3 21. hxg3 f5 22. Rxc8 Rxc8 23. Rc1 Nhf6 24. Rxc8+ Bxc8 25. Nf2 Nc5 26. b4 Na4 27. Bd1 Nb6 28. Bb3 fxe4 29. fxe4 Ng4 30. Nxg4 Bxg4 31. Nc3 Kf7 32. Be3 Na8 33. a4 Bd7 34. Bd1 bxa4 35. Bxa4 Bxa4 36. Nxa4 Nc7 37. Nb6 Nb5 38. Na4 Bf6 39. Kf2 Ke7 40. Ke2 Kd7 41. Kd3 Bd8 42. Kc4 Na3+ 43. Kb3 Nb5 44. Nb2 Kc8 45. Nc4 Kb7 46. Kc2 Kc8 47. Kd3 Kd7 48. Ke2 Ke8 49. Kf3 Kf7 50. Kg4 Bc7 51. Kf3 Bd8 52. Ke2 Ke8 53. Kd3 Kd7 54. Kc2 Kc8 55. Kb3 Kb7 56. Nd2 Bb6 57. Bxb6 Kxb6 58. Nf3 a5 59. bxa5+ Kxa5 60. Kc4 Kb6 61. Kd3 Kc5 62. Ng5 Nc7 63. Ne6+ Kb6 64. Nf8 Ne8 65. Nxg6 Nf6 66. Ne7 Kc7 67. Nf5 Kd7 68. Ke3 Ng4+ 69. Ke2 Kc7 70. Ne3 Nf6 71. Kf3 Kd7 72. Ng4 Nh5 73. Nf2 Ke7 74. Kg4 Nf6+ 75. Kg5 Kf7 76. Kh6 Ng8+ 77. Kh5 Nf6+ 78. Kg5 Nh7+ 79. Kf5 Nf8 80. Nh3 Nd7 81. Ng5+ Ke7 82. Nh7 Kf7 83. g4 Nc5 84. g5 Nb7 85. g6+ Kg7 86. Ng5 Kh6 87. Kf6 Nc5 88. Nf7+ 1-0

[Event "BCF-chT2d 1112 (4NCL)"]
[Site "England"]
[Date "2012.05.07"]
[Round "11.85"]
[White "Beckett, Christopher J"]
[Black "Bourne, Johnathan"]
[Result "1-0"]
[WhiteElo "2101"]
[BlackElo "2081"]
[PlyCount "79"]
[EventDate "2011.11.12"]
[EventType "team-swiss"]
[EventRounds "11"]
[EventCountry "ENG"]
[SourceTitle "EXT 2013"]
[Source "ChessBase"]
[SourceDate "2012.11.22"]
[SourceVersion "1"]
[SourceVersionDate "2012.11.22"]
[SourceQuality "1"]
[WhiteTeam "Cambridge II"]
[BlackTeam "Brown Jack"]
[WhiteTeamCountry "ENG"]
[BlackTeamCountry "ENG"]

1. d4 g6 2. c4 Bg7 3. Nc3 c5 4. d5 e6 5. e4 exd5 6. cxd5 d6 7. f3 Nf6 8. Bg5 h6 9. Be3 0-0 10. Qd2 Kh7 11. h4 a6 12. g4 Bxg4 13. fxg4 Nxg4 14. Bf4 b5 15. Be2 b4 16. Bxg4 bxc3 17. bxc3 Re8 18. Ne2 Nd7 19. h5 Qe7 20. hxg6+ fxg6 21. Be6 h5 22. Bg5 Bf6 23. Bxf6 Nxf6 24. Ng3 Rab8 25. Qg5 Qg7 26. 0-0 Rf8 27. Rab1 Rb5 28. a4 Rxb1 29. Rxb1 c4 30. Rf1 Qa7+ 31. Kg2 Qg7 32. a5 Ne8 33. Rxf8 Qxf8 34. Qd8 h4 35. Qxh4+ Kg7 36. Qg5 Nf6 37. Nf5+ Kh8 38. Qxg6 Nh7 39. Bf7 Ng5 40. Qf6+ 1-0

[Event "BCF-chT2d 1112 (4NCL)"]
[Site "England"]
[Date "2012.05.06"]
[Round "10.5"]
[White "Jones, Richard S"]
[Black "Beckett, Christopher J"]
[Result "1-0"]
[WhiteElo "2395"]
[BlackElo "2101"]
[PlyCount "67"]
[EventDate "2011.11.12"]
[EventType "team-swiss"]
[EventRounds "11"]
[EventCountry "ENG"]
[SourceTitle "EXT 2013"]
[Source "ChessBase"]
[SourceDate "2012.11.22"]
[SourceVersion "1"]
[SourceVersionDate "2012.11.22"]
[SourceQuality "1"]
[WhiteTeam "Rhyfelwyr Essyllwg"]
[BlackTeam "Cambridge II"]
[WhiteTeamCountry "ENG"]
[BlackTeamCountry "ENG"]

1. e4 e6 2. d4 d5 3. Nc3 Bb4 4. e5 c5 5. a3 Bxc3+ 6. bxc3 Qa5 7. Bd2 Qa4 8. Qg4 g6 9. Qd1 b6 10. Nf3 Nc6 11. Bd3 c4 12. h4 h5 13. Bg5 Bd7 14. g4 Nce7 15. gxh5 Rxh5 16. Be2 Rh8 17. Nh2 0-0-0 18. Ng4 Rf8 19. Qc1 Kb8 20. Qb2 Nc6 21. f4 Bc8 22. Kf2 Bd7 23. Rh2 Kc7 24. Rah1 a5 25. h5 Rxh5 26. Rxh5 gxh5 27. Rxh5 Nce7 28. Rh8 Ng6 29. Rh7 Kc6 30. Bf3 N6e7 31. Nh6 Be8 32. Rh8 f6 33. exf6 Rxf6 34. Nxg8 1-0

[Event "BCF-chT3 0809 (4NCL)"]
[Site "Hinckley Island"]
[Date "2009.02.08"]
[Round "6.2"]
[White "Beckett, Christopher J"]
[Black "Norman, Kenneth I"]
[Result "1/2-1/2"]
[WhiteElo "2105"]
[BlackElo "2168"]
[PlyCount "35"]
[EventDate "2008.10.18"]
[EventType "team-swiss"]
[EventRounds "11"]
[EventCountry "ENG"]
[SourceTitle "EXT 2010"]
[Source "ChessBase"]
[SourceDate "2010.11.25"]
[SourceVersion "1"]
[SourceVersionDate "2010.11.25"]
[SourceQuality "1"]
[WhiteTeam "Cambridge II"]
[BlackTeam "AMCA Dragons"]
[WhiteTeamCountry "ENG"]
[BlackTeamCountry "ENG"]

1. d4 g6 2. c4 Bg7 3. Nc3 d6 4. e4 e5 5. d5 Nd7 6. g3 a5 7. h4 h5 8. Bh3 Bh6 9. Nf3 Bxc1 10. Rxc1 Nc5 11. Bxc8 Qxc8 12. Qe2 Nf6 13. Ng5 Qg4 14. Qe3 0-0 15. 0-0 Nh7 16. f4 f6 17. Nxh7 Kxh7 18. fxe5 1/2-1/2